LEADER 00921nam a2200277 i 4500 001 991001826679707536 005 20020503154015.0 008 010104s1966 it ||| | ita 035 $ab10278394-39ule_inst 035 $aEXGIL92126$9ExL 040 $aBiblioteca Interfacoltà$bita 082 0 $a347.4 100 1 $aStolfi, Mario$0228440 245 10$aAppalto, trasporto /$cMario Stolfi 250 $a2. ed 260 $a[Milano] :$bVallardi,$c1966 300 $aX, 166 p. ;$c25 cm. 490 0 $aTrattato di diritto civile ;$v4 650 4$aContratti di appalto 650 4$aContratti di trasporto 907 $a.b10278394$b17-02-17$c27-06-02 912 $a991001826679707536 945 $aLE002 Dir. III E 13$g1$i2002000561190$lle002$o-$pE0.00$q-$rl$s- $t0$u1$v0$w1$x0$y.i1033063x$z27-06-02 996 $aAppalto, trasporto$9210912 997 $aUNISALENTO 998 $ale002$b01-01-01$cm$da $e-$fita$git $h0$i1 LEADER 04027nam 2200781 450 001 996328033803316 005 20231110213026.0 010 $a3-8394-4846-8 024 7 $a10.14361/9783839448465 035 $a(CKB)4930000000056123 035 $a(OAPEN)1006714 035 $a(DE-B1597)521819 035 $a(OCoLC)1135569948 035 $a(DE-B1597)9783839448465 035 $a(MiAaPQ)EBC6637549 035 $a(Au-PeEL)EBL6637549 035 $a(OCoLC)1253415899 035 $a(transcript Verlag)9783839448465 035 $a(MiAaPQ)EBC6956084 035 $a(Au-PeEL)EBL6956084 035 $a(oapen)https://directory.doabooks.org/handle/20.500.12854/35154 035 $a(EXLCZ)994930000000056123 100 $a20221125d2019 uy 0 101 0 $aeng 135 $auuuuu---auuuu 181 $ctxt$2rdacontent 182 $cc$2rdamedia 183 $acr$2rdacarrier 200 10$aPortraits of automated facial recognition $eon machinic ways of seeing the face /$fLila Lee-Morrison 205 $a1st ed. 210 $aBielefeld$d2019 210 1$aBielefeld, Germany :$cTranscript,$d[2019] 210 4$d©2019 215 $a1 online resource (198) 225 0 $aImage$v162 311 0 $a3-8376-4846-X 320 $aIncludes bibliographical references (pages [187]-194). 327 $aFrontmatter 1 Table of Contents 5 Abstract 9 Acknowledgements 11 Chapter 1: Introduction 15 Chapter 2: Eigenface 55 Chapter 3: Francis Galton and the Composite Portrait 85 Chapter 4: Wittgenstein and the Composite Portrait 101 Chapter 5: Portraiture in the Age of AFR 117 Chapter 6: Metaportraits: Thomas Ruff, andere Portraits 125 Chapter 7: Faces in Excess: Zach Blas, Facial Weaponization Suite 141 Chapter 8: An Algorithmic Ready-made: Trevor Paglen, Adversarially Evolved Hallucination and Eigenface (Even The Dead Are Not Safe) 159 Chapter 9: Conclusion 177 References 187 List of Images 195 330 $aAutomated facial recognition algorithms are increasingly intervening in society. This book offers a unique analysis of these algorithms from a critical visual culture studies perspective. The first part of this study examines the example of an early facial recognition algorithm called »eigenface« and traces a history of the merging of statistics and vision. The second part addresses contemporary artistic engagements with facial recognition technology in the work of Thomas Ruff, Zach Blas, and Trevor Paglen. This book argues that we must take a closer look at the technology of automated facial recognition and claims that its forms of representation are embedded with visual politics. Even more significantly, this technology is redefining what it means to see and be seen in the contemporary world. 330 1 $a»Durch die produktive Verschra?nkung von sozial-, medien- und kunstwissenschaftlichen Diskursen gelingt es der Autorin die Problematik der automatischen Gesichtserkennung in seiner vollen Breite, wie in seiner sozio-historischen Genese deutlich werden zu lassen.« Florian Flo?mer, www.surveillance-studies.org, 29.01.2020 410 0$aImage 606 $aFace perception 606 $aHuman face recognition (Computer science) 606 $aPortraits 610 $aVisual Culture 610 $aMachine Vision 610 $aFacial Recognition Technology 610 $aBiometrics 610 $aArt 610 $aTechnology 610 $aImage 610 $aMedia Aesthetics 610 $aVisual Studies 610 $aMedia Art 610 $aPhotography 610 $aMedia Studies 615 0$aFace perception. 615 0$aHuman face recognition (Computer science) 615 0$aPortraits. 676 $a006.3/7 700 $aLee-Morrison$b Lila$f1977-$01265093 801 0$bMiAaPQ 801 1$bMiAaPQ 801 2$bMiAaPQ 906 $aBOOK 912 $a996328033803316 996 $aPortraits of automated facial recognition$92966514 997 $aUNISA LEADER 04770nam 22006615 450 001 9910300184903321 005 20200702111400.0 010 $a1-4899-7504-7 024 7 $a10.1007/978-1-4899-7504-1 035 $a(CKB)3710000000239185 035 $a(EBL)1964984 035 $a(OCoLC)908083002 035 $a(SSID)ssj0001354089 035 $a(PQKBManifestationID)11768667 035 $a(PQKBTitleCode)TC0001354089 035 $a(PQKBWorkID)11317613 035 $a(PQKB)11032259 035 $a(DE-He213)978-1-4899-7504-1 035 $a(MiAaPQ)EBC1964984 035 $a(iGPub)SPNA0031491 035 $a(PPN)181348098 035 $a(EXLCZ)993710000000239185 100 $a20140911d2015 u| 0 101 0 $aeng 135 $aur|n|---||||| 181 $ctxt 182 $cc 183 $acr 200 10$aCongenital Anomalies of the Upper Extremity $eEtiology and Management /$fedited by Donald R. Laub Jr 205 $a1st ed. 2015. 210 1$aNew York, NY :$cSpringer US :$cImprint: Springer,$d2015. 215 $a1 online resource (352 p.) 300 $aDescription based upon print version of record. 311 $a1-4899-7503-9 320 $aIncludes bibliographical references and index. 327 $aPart I. General Considerations -- Embryology and Classification of Congenital Upper Limb Anomalies -- Incidence and Syndromes Associated with Congenital Anomalies of the Upper Limb -- Anesthesia Concerns in Congenital Anomalies of the Upper Extremity -- Physical Medicine and Rehabilitation Management of Children with Congenital Anomalies of the Upper Extremity -- Therapy Management of Children with Congenital Anomalies of the Upper Extremity -- Visible Distinctions and Congenital Anomalies of the Upper Extremities: Psychological Considerations -- Part II. Failure of Formation/Differentiation -- Radial Longitudinal Deficiency: Radius -- Radial Longitudinal Deficiency: Surgical Reconstruction of Congenital Thumb Hypoplasia -- Congenital Radioulnar Synostosis -- Ulnar Longitudinal Deficiency -- Symbrachydactyly -- Dorsal-Ventral Deficiency -- Part III. Failure of Hand Plate Formation/Differentiation -- Syndactyly: A Review of the Current Knowledge on the Genetic Understanding and Management Techniques -- Apert Syndrome -- Central Deficiency (Cleft Hand) -- Camptodactyly and Clinodactyly -- Synostosis and Coalitions of the Hand and Wrist -- Congenital Clasped Thumb -- Part IV. Duplication -- Radial Polydactyly -- Ulnar Polydactyly and Ulnar Dimelia -- Part V. Overgrowth, Amniotic Band, and Generalized Anomalies -- Macrodactyly -- Amniotic Band Syndrome -- Arthrogryposis -- Madelung Deformity -- Epidermolysis Bullosa -- Osteogenesis Imperfecta. 330 $aWritten by leading experts in the fields of pediatrics, orthopedic surgery, and plastic and reconstructive hand surgery, Congenital Anomalies of the Upper Extremity encompasses the current knowledge of genetic and molecular causes of, and surgical and non-surgical treatment for, deformities of the hand. The book covers the many variations of congenital anomaly encountered in the clinical setting. Embryology, classification, incidence, and anesthesia considerations are discussed first, followed by physical medicine, rehabilitation and therapy management, including psychological considerations, for children living with these conditions. Failures of formation and differentiation of the fingers and hand plate, duplication, and overgrowth, as well as other generalized anomalies, are then presented in detail, including symbrachydactyly, syndactyly, Apert syndrome, polydactyly, amniotic band syndrome, and Madelung deformity, among others. Complete with plentiful photographs and illustrations to guide the clinician in preparing for and performing the necessary treatments, this is an essential book for hand surgeons, orthopedists and plastic surgeons. 606 $aOrthopedics 606 $aSurgery, Plastic 606 $aPediatrics 606 $aOrthopedics$3https://scigraph.springernature.com/ontologies/product-market-codes/H45000 606 $aPlastic Surgery$3https://scigraph.springernature.com/ontologies/product-market-codes/H59087 606 $aPediatrics$3https://scigraph.springernature.com/ontologies/product-market-codes/H49006 615 0$aOrthopedics. 615 0$aSurgery, Plastic. 615 0$aPediatrics. 615 14$aOrthopedics. 615 24$aPlastic Surgery. 615 24$aPediatrics. 676 $a610 676 $a616.7 676 $a617952 676 $a618.92 702 $aLaub Jr$b Donald R$4edt$4http://id.loc.gov/vocabulary/relators/edt 906 $aBOOK 912 $a9910300184903321 996 $aCongenital Anomalies of the Upper Extremity$91760744 997 $aUNINA